000 00250nam a2200121Ia 4500
100 _aNone
942 _cBK
654 _aDesign Einrichtungen
245 _aDesign Einrichtungen
260 _bnone
_aGermany
_c1988
300 _a115
546 _aENGLISH
999 _c30003
_d30003